[Event "Staatsliga B/Ost"]
[Site "Baden"]
[Date "1998.11.15"]
[Round "4.2"]
[White "Kummer, Helmut"]
[Black "Stranz, Richard"]
[Result "1-0"]
[WhiteElo "2315"]
[BlackElo "2255"]
[PlyCount "177"]
[EventDate "1998.10.17"]

1. d4 Nf6 2. c4 e5 3. dxe5 Ng4 4. Bf4 Nc6 5. Nf3 Bb4+ 6. Nbd2 Qe7 7. e3 Ngxe5
8. Nxe5 Nxe5 9. Be2 b6 10. O-O Bb7 11. a3 Bd6 12. Qc2 Ng6 13. Bxd6 Qxd6 14.
Rfd1 Qe7 15. Rac1 O-O 16. c5 Nf4 17. Bf3 Bxf3 18. Nxf3 Ne6 19. cxb6 axb6 20.
Qe4 Rfe8 21. Nd4 Nc5 22. Qg4 c6 23. Rc2 Ra4 24. Qf3 Qe5 25. g3 g6 26. Ne2 Ra7
27. Rcd2 Re7 28. Qf4 Qxf4 29. Nxf4 Kf8 30. h4 h5 31. Rc2 Ne6 32. Nd3 Nc7 33.
Nb4 Ne6 34. Nd3 Nc7 35. Kg2 Nd5 36. Kf3 Ke8 37. Rc4 Ra5 38. Nb4 Nxb4 39. Rxb4
b5 40. Rbd4 Ra7 41. e4 Re5 42. Ke3 f5 43. Kf4 Rxe4+ 44. Rxe4+ fxe4 45. Kg5 Kf7
46. Rd6 b4 47. axb4 Rb7 48. Rxg6 Rb5+ 49. Kh6 Rxb4 50. Rd6 Rxb2 51. Rxd7+ Ke6
52. Rd8 Rxf2 53. Kxh5 c5 54. g4 c4 55. Rd4 Ke5 56. Rxc4 e3 57. g5 Rf8 58. Rc1
Re8 59. Kg4 Rf8 60. Re1 Rf4+ 61. Kh5 Re4 62. Kg6 Kf4 63. Kf7 Kf3 64. h5 Kf2 65.
Rxe3 Kxe3 66. g6 Rh4 67. g7 Rxh5 68. g8=Q Rf5+ 69. Ke6 Rf4 70. Qg7 Rf3 71. Qe5+
Kf2 72. Qh2+ Ke3 73. Ke5 Kd3 74. Qb2 Re3+ 75. Kd5 Rf3 76. Qd4+ Ke2 77. Ke4 Rf2
78. Qd3+ Ke1 79. Qb1+ Kd2 80. Qb2+ Ke1 81. Qc1+ Ke2 82. Qg1 Rf8 83. Qe3+ Kf1
84. Qh3+ Ke2 85. Qh5+ Kf1 86. Ke3 Kg2 87. Qg6+ Kh1 88. Qh6+ Kg1 89. Qxf8 1-0

[Event "Staatsliga B/Ost"]
[Site "Baden"]
[Date "1998.11.15"]
[Round "4.3"]
[White "Ranits, Franz"]
[Black "Sandhu, Mario"]
[Result "0-1"]
[WhiteElo "2220"]
[BlackElo "2190"]
[PlyCount "86"]
[EventDate "1998.10.17"]

1. e4 c6 2. d4 d5 3. e5 c5 4. dxc5 e6 5. Be3 Nc6 6. Nf3 Nge7 7. c3 Nf5 8. Bd4
Bd7 9. Nbd2 Nfxd4 10. cxd4 b6 11. Nb3 bxc5 12. dxc5 Bxc5 13. Nxc5 Qa5+ 14. Qd2
Qxc5 15. Rc1 Qb6 16. Bd3 Rb8 17. b3 Qb4 18. Qxb4 Rxb4 19. Rc5 Ke7 20. Kd2 Rhb8
21. Rhc1 R4b6 22. a4 Nb4 23. Nd4 R6b7 24. f4 h6 25. g4 f6 26. Re1 g5 27. exf6+
Kd6 28. Rc3 gxf4 29. Bb5 e5 30. Nf3 Bxb5 31. axb5 e4 32. Nd4 e3+ 33. Ke2 Ke5
34. Nc6+ Nxc6 35. bxc6 Rf7 36. Kd3 Rxf6 37. c7 Rc8 38. Ra1 f3 39. Rcc1 d4 40.
Ra5+ Kf4 41. Rd5 f2 42. Ke2 Ke4 43. Rd7 d3+ 0-1

[Event "Staatsliga B/Ost"]
[Site "Baden"]
[Date "1998.11.15"]
[Round "4.1"]
[White "Lau, Ralph"]
[Black "Vincze, Estvan"]
[Result "1-0"]
[WhiteElo "2445"]
[BlackElo "2240"]
[PlyCount "53"]
[EventDate "1998.10.17"]

1. e4 Nf6 2. e5 Nd5 3. d4 d6 4. Nf3 Nb6 5. a4 a5 6. h3 g6 7. Bb5+ c6 8. Bd3
dxe5 9. Nxe5 Be6 10. c3 N8d7 11. Nf3 Bg7 12. O-O O-O 13. Re1 Bd5 14. Bg5 Bxf3
15. Qxf3 f6 16. Bh4 e5 17. Nd2 exd4 18. cxd4 Rf7 19. Bc2 Nd5 20. Bb3 N7b6 21.
Ne4 Qf8 22. Bg3 Qb4 23. Bd6 Qxd4 24. Bc5 Qxb2 25. Bxb6 Nxb6 26. Rab1 Qd4 27.
Rbd1 1-0

[Event "Staatsliga B/Ost"]
[Site "Baden"]
[Date "1998.11.15"]
[Round "4.2"]
[White "Rumpl, Erwin"]
[Black "Plachetka, Jan"]
[Result "0-1"]
[WhiteElo "2210"]
[BlackElo "2400"]
[PlyCount "60"]
[EventDate "1998.10.17"]

1. c4 c5 2. Nc3 Nc6 3. g3 g6 4. Bg2 Bg7 5. e4 a6 6. Nge2 b5 7. d3 Rb8 8. O-O d6
9. Rb1 e6 10. b3 Nge7 11. Bb2 O-O 12. Qd2 Bd7 13. Nf4 Qa5 14. Ba1 Nd4 15. Rfd1
Nec6 16. Nce2 Qxd2 17. Rxd2 a5 18. Nxd4 Bxd4 19. Bxd4 Nxd4 20. Ne2 bxc4 21.
Nxd4 cxd4 22. dxc4 e5 23. a3 Rfc8 24. Bf1 Be6 25. Rc2 d5 26. exd5 Bf5 27. Rcb2
Bxb1 28. Rxb1 e4 29. Rd1 d3 30. f3 Rxb3 0-1

[Event "Staatsliga B/Ost"]
[Site "Baden"]
[Date "1998.11.15"]
[Round "4.3"]
[White "Hangweyrer, Manfred"]
[Black "Wadsack, Wolfgang"]
[Result "1-0"]
[WhiteElo "2370"]
[BlackElo "2180"]
[PlyCount "39"]
[EventDate "1998.10.17"]

1. e4 d5 2. exd5 Nf6 3. d4 Nxd5 4. Nf3 Bg4 5. h3 Bh5 6. g4 Bg6 7. Bg2 e6 8. Ne5
c6 9. O-O Nd7 10. c4 N5b6 11. Nxg6 hxg6 12. Qb3 Qc7 13. Nc3 Be7 14. Be3 Nf6 15.
Rfe1 Rd8 16. Rac1 O-O 17. d5 exd5 18. cxd5 c5 19. Nb5 Qb8 20. d6 1-0

[Event "Staatsliga B/Ost"]
[Site "Baden"]
[Date "1998.11.15"]
[Round "4.4"]
[White "Gugler, Edgar"]
[Black "Vokroj, Rene"]
[Result "0-1"]
[WhiteElo "2220"]
[BlackElo "2285"]
[PlyCount "156"]
[EventDate "1998.10.17"]

1. Nf3 g6 2. c4 c5 3. Nc3 Bg7 4. g3 Nc6 5. Bg2 d6 6. O-O Nh6 7. d3 Nf5 8. Bd2
O-O 9. a3 Qd7 10. Rb1 b6 11. b4 Bb7 12. Nd5 e6 13. Ne3 Nfd4 14. Nc2 Rae8 15.
Ncxd4 Nxd4 16. e3 Nxf3+ 17. Bxf3 Bxf3 18. Qxf3 Qa4 19. Qe2 Qxa3 20. Rfc1 Rd8
21. Be1 cxb4 22. d4 Qa6 23. Bxb4 Rd7 24. Qf3 Rfd8 25. Ra1 Qc8 26. Ra2 Rc7 27.
Rac2 a5 28. Be1 Qa6 29. Rb1 Rxc4 30. Rxc4 Qxc4 31. Qb7 a4 32. Qxb6 Ra8 33. Qb7
Qc8 34. Qxc8+ Rxc8 35. Rb5 Ra8 36. Rb2 e5 37. d5 e4 38. Ra2 Kf8 39. Bb4 Ke7 40.
Kf1 Kd7 41. Ke2 Be5 42. Kd2 Kc7 43. Ba3 Ra5 44. Rc2+ Kb7 45. Rc4 f5 46. Ke2 Ra6
47. h3 Kb6 48. g4 Ra7 49. gxf5 gxf5 50. Kd2 Ka5 51. Rc8 Rb7 52. Ra8+ Kb5 53.
Rc8 Rg7 54. Rb8+ Kc4 55. Rb4+ Kxd5 56. Rxa4 Rg2 57. Ke1 Rh2 58. Ra8 Rxh3 59.
Rf8 f4 60. exf4 Rxa3 61. fxe5 Kxe5 62. Re8+ Kd4 63. Re6 d5 64. Rh6 Ra7 65. Ke2
Rf7 66. Rh5 Kc4 67. Rh4 Re7 68. Rh6 d4 69. Rh3 Ra7 70. Kd2 Rf7 71. Ke1 d3 72.
Rh6 Ra7 73. Rc6+ Kd4 74. Rd6+ Ke5 75. Rh6 Ra1+ 76. Kd2 Rf1 77. Rh5+ Kd4 78. Rh2
Rxf2+ 0-1

[Event "Staatsliga B/Ost"]
[Site "Baden"]
[Date "1998.11.15"]
[Round "4.5"]
[White "Todor, Razvan"]
[Black "Bachmayer, Josef"]
[Result "1-0"]
[WhiteElo "2205"]
[BlackElo "2160"]
[PlyCount "113"]
[EventDate "1998.10.17"]

1. e4 c5 2. Nf3 d6 3. d4 cxd4 4. Nxd4 Nf6 5. Nc3 g6 6. Be2 Bg7 7. O-O O-O 8.
Kh1 Nc6 9. Nb3 Be6 10. Bg5 a5 11. a4 Rc8 12. f4 Nb4 13. Nd4 Bc4 14. Ndb5 d5 15.
e5 Ne8 16. Bxc4 Rxc4 17. Qe2 f6 18. exf6 exf6 19. Bh4 Nc7 20. Na3 Rc6 21. f5
Re8 22. Qf3 gxf5 23. Qxf5 Rce6 24. Rad1 Qe7 25. Bg3 Kh8 26. Nab5 Nxb5 27. Nxb5
Re2 28. Nd4 Re4 29. c3 Nc6 30. Qxd5 Nxd4 31. Rxd4 Re2 32. Rd2 Qe3 33. Rd3 Qb6
34. b3 Rb2 35. c4 Rxb3 36. Rxb3 Qxb3 37. Qd7 Rf8 38. Qb5 Qd3 39. Re1 f5 40. Be5
Bxe5 41. Qxe5+ Kg8 42. Qe6+ Rf7 43. Qe8+ Kg7 44. Qe5+ Kg8 45. Qxa5 Qxc4 46.
Re8+ Kg7 47. Qe5+ Kh6 48. Qd6+ Kh5 49. Qd1+ Qg4 50. Qc2 Rc7 51. Qb1 Rd7 52. Re1
Kg6 53. Qb3 Kg7 54. h3 Qf4 55. Qb5 Rc7 56. Rf1 Rc1 57. Qb2+ 1-0